Manual de tribunales de familia
সংরক্ষণ করুন:
| প্রধান লেখক: | |
|---|---|
| বিন্যাস: | গ্রন্থ |
| ভাষা: | স্প্যানিশ |
| প্রকাশিত: |
Santiago
Jurídica
2005
|
| সংস্করন: | 2a. ed |
| মালা: | Colección manuales jurídicos, 113
|
| বিষয়গুলি: | |
| ট্যাগগুলো: |
ট্যাগ যুক্ত করুন
কোনো ট্যাগ নেই, প্রথমজন হিসাবে ট্যাগ করুন!
|
MARC
| LEADER | 00000nam a2200000 a 4500 | ||
|---|---|---|---|
| 001 | UCK9769 | ||
| 003 | CL-VaPUC | ||
| 008 | 060531e20050000CL |||||||||||||||||spa|d | ||
| 020 | |a 9561016796 | ||
| 082 | 0 | 4 | |a 346.83015 |b SIL |2 21 |
| 100 | 0 | |a Silva Montes, Rodrigo |e author |9 499679 | |
| 245 | 1 | 0 | |a Manual de tribunales de familia |
| 250 | |a 2a. ed | ||
| 300 | |a 170 p | ||
| 942 | |c BK | ||
| 945 | |d 20060531 00:00:00 |a jtorresc | ||
| 260 | |a Santiago |b Jurídica |c 2005 | ||
| 650 | 0 | |a Derecho de familia |9 255603 | |
| 650 | 7 | |a TRIBUNALES DE FAMILIA |2 CL-VaPUC |9 499680 | |
| 650 | 0 | |a Derechos del niño |9 258728 | |
| 650 | 0 | |a Poder judicial |9 254871 | |
| 650 | 0 | |a Mediación |9 338396 | |
| 583 | |a last modification |c 20060531 00:00:00 |k Rodrigo Vera | ||
| 490 | 0 | |a Colección manuales jurídicos, 113 | |
| 999 | |c 316832 |d 316830 | ||
| 952 | |0 0 |1 0 |4 0 |6 346_830150000000000_SIL_2005 |7 0 |8 A |9 392322 |a BIBDER |b BIBDER |d 2019-11-22 |i 4237242 |o 346.83015 SIL 2005 |p 4237242 |r 2023-01-25 |w 2019-11-22 |y BK |k DER | ||
| 952 | |0 0 |1 0 |4 0 |6 346_830150000000000_SIL_2005 |7 0 |8 A |9 392323 |a BIBDER |b BIBDER |d 2019-11-22 |i 4261534 |o 346.83015 SIL 2005 |p 4261534 |r 2023-01-25 |w 2019-11-22 |y BK |k DER | ||